000 01545 a2200277 4500
003 CBULib
005 20231116074908.0
008 231116b |||||||| |||| 00| 0 eng d
020 _a9780323430401
040 _bEnglish
_cCBULib
_dCBULib
_erda
050 _aRL 71 Mar
100 1 _aMarks, James G.,
_91055
_cJr.
245 _aLookingbill and Marks' principles of dermatology
_c/ by James G. Marks and Jeffrey J. Miller
250 _aSixth edition.
260 _bElsevier,
_c2019.
_aPhiladelphia :
300 _a331 pages : color illustrations
336 _2rdacontent
_aText |
_btxt
337 _2rdamedia
_aUnmediated |
_bn
338 _2rdacarrier
_aVolume
_bnc
500 _aSummary: Begins with principles of diagnosis and therapy before going on to discuss the major groups of skin diseases. Each skin disorder is illustrated with a color clinical photograph as well as a line drawing showing exactly what the entity looks like. The logical organization of the chapters guides the user towards an accurate diagnosis with therapy options in highlighted boxes. Tables in each chapter rank diseases according to frequency of incidence and highlights clinical features to assist you in making a differential diagnosis. Clinical examples of unusual presentations or unusual cases test your understanding and ability to apply key principles discussed in the text
504 _aIncludes index.
650 0 _91056
_aDERMATOLOGY
650 0 _91057
_aSKIN--DISEASES
700 1 _91058
_aMiller, Jeffrey J.
_c(Dermatologist)
942 _2lcc
_c002
999 _c83500
_d83500